Recognized, Non-Recognized Countries, and Territories of the Earth - Statistics

General Stats
  • This quiz has been taken 759 times
    746 since last reset
  • The average score is 182 of 254
Answers on the Map
Answers color-coded by a green-red scale on the quiz's map according to % correct below.
 
Answer Stats
Country % Correct
United States
87%
Canada
84%
Greenland
83%
United Kingdom
83%
Mexico
81%
Russia
81%
Cuba
80%
Iceland
80%
Jamaica
80%
Panama
80%
American Samoa
79%
Australia
79%
Brazil
79%
France
79%
French Guiana
79%
Haiti
79%
India
79%
Ireland
79%
Palestine
79%
Peru
79%
Spain
79%
Argentina
78%
Bahamas
78%
Chile
78%
China
78%
Colombia
78%
Dominican Republic
78%
Ecuador
78%
Finland
78%
Guatemala
78%
Italy
78%
Japan
78%
Norway
78%
Paraguay
78%
Portugal
78%
Sweden
78%
Uruguay
78%
Albania
77%
Algeria
77%
Costa Rica
77%
Germany
77%
Greece
77%
Indonesia
77%
Iran
77%
Iraq
77%
Kazakhstan
77%
Malaysia
77%
Mongolia
77%
New Zealand
77%
Pakistan
77%
Samoa
77%
South Korea
77%
Sri Lanka
77%
Turkey
77%
Ukraine
77%
Uzbekistan
77%
Venezuela
77%
Afghanistan
76%
Austria
76%
Azerbaijan
76%
Belarus
76%
Belgium
76%
Bolivia
76%
Bosnia and Herzegovina
76%
Croatia
76%
Democratic Republic of the Congo
76%
Denmark
76%
Egypt
76%
Estonia
76%
Georgia
76%
Hungary
76%
Israel
76%
Kosovo
76%
Latvia
76%
Libya
76%
Luxembourg
76%
Madagascar
76%
Moldova
76%
Morocco
76%
Netherlands
76%
Niger
76%
North Korea
76%
North Macedonia
76%
Papua New Guinea
76%
Poland
76%
Puerto Rico
76%
Republic of the Congo
76%
Romania
76%
San Marino
76%
Saudi Arabia
76%
Serbia
76%
Slovenia
76%
Switzerland
76%
Tunisia
76%
Armenia
75%
Bangladesh
75%
Bermuda
75%
Bhutan
75%
Bulgaria
75%
Cyprus
75%
Czech Republic
75%
Dominica
75%
El Salvador
75%
Faroe Islands
75%
Ghana
75%
Kenya
75%
Liechtenstein
75%
Lithuania
75%
Maldives
75%
Mali
75%
Malta
75%
Montenegro
75%
Nepal
75%
Nigeria
75%
Philippines
75%
Qatar
75%
Slovakia
75%
South Africa
75%
Syria
75%
Tajikistan
75%
Thailand
75%
Turkmenistan
75%
United Arab Emirates
75%
Vatican City
75%
Western Sahara
75%
Andorra
74%
Barbados
74%
Botswana
74%
Central African Republic
74%
Chad
74%
Ethiopia
74%
Guinea
74%
Jordan
74%
Lesotho
74%
Monaco
74%
Mozambique
74%
Palau
74%
Taiwan
74%
Angola
73%
Belize
73%
Fiji
73%
French Polynesia
73%
Guam
73%
Honduras
73%
Kiribati
73%
Somalia
73%
Vietnam
73%
Burkina Faso
72%
Cameroon
72%
Federated States of Micronesia
72%
Guinea-Bissau
72%
Isle of Man
72%
Nicaragua
72%
Senegal
72%
Singapore
72%
Sudan
72%
Suriname
72%
Tonga
72%
Cambodia
71%
Equatorial Guinea
71%
Falkland Islands
71%
Guyana
71%
Ivory Coast
71%
Kuwait
71%
Kyrgyzstan
71%
Laos
71%
Marshall Islands
71%
Nauru
71%
Oman
71%
Solomon Islands
71%
South Sudan
71%
Togo
71%
Trinidad and Tobago
71%
Vanuatu
71%
Yemen
71%
British Virgin Islands
70%
Burundi
70%
Comoros
70%
Hong Kong
70%
Lebanon
70%
Mauritania
70%
Mauritius
70%
Myanmar
70%
Saint Kitts and Nevis
70%
Seychelles
70%
Tuvalu
70%
Antigua and Barbuda
69%
Aruba
69%
Bahrain
69%
Benin
69%
Cape Verde
69%
Christmas Island
69%
East Timor
69%
Eritrea
69%
Eswatini
69%
Gabon
69%
Gambia
69%
Gibraltar
69%
Liberia
69%
Malawi
69%
Namibia
69%
Rwanda
69%
Saint Lucia
69%
Saint Vincent and the Grenadines
69%
São Tomé and Príncipe
69%
Svalbard and Jan Mayen
69%
Tanzania
69%
Uganda
69%
U.S. Virgin Islands
69%
Zambia
69%
Zimbabwe
69%
Brunei
68%
Djibouti
68%
Grenada
68%
Macau
68%
Northern Cyprus
68%
Northern Mariana Islands
68%
Sierra Leone
68%
Somaliland
68%
Cook Islands
67%
Curaçao
67%
Saint Helena, Ascension, and Tristan da Cunha
67%
Abkhazia
66%
New Caledonia
66%
Saint Martin
66%
Sint Maarten
66%
Turks and Caicos Islands
66%
Cayman Islands
65%
Jersey
65%
Niue
65%
Réunion
65%
Transnistria
65%
Tokelau
64%
Anguilla
63%
Cocos (Keeling) Islands
63%
Guadeloupe
63%
Guernsey
63%
Pitcairn Islands
63%
South Ossetia
63%
Caribbean Netherlands
62%
Martinique
62%
Norfolk Island
62%
Montserrat
61%
Wallis and Futuna
60%
Mayotte
59%
Saint Pierre and Miquelon
59%
Saint Barthélemy
56%
Artsakh
52%
Aland Islands
19%
Sark
9%
Herm
8%
Shetland Islands
8%
Jethou
6%
Brecqhou
3%
No matching quizzes found
Score Distribution
Percent of People with Each Score
Percentile by Number Answered
Your Score History
You have not taken this quiz since the last reset